000 00545nam a2200157 i 4500
001 40396
003 ES-MaACL
007 t|
008 030306s1979 sp ||||1| spa d
100 1 _aCardenal Fernández, Jesús.
_935133
245 1 3 _aEl tiempo en el cumplimiento de las obligaciones /
_cJesús Cardenal Fernández ; [prólogo Francisco de Asís Sancho Rebullida].
260 _aMadrid :
_bMontecorvo,
_c1979.
300 _a414 p. ;
_c24 cm.
700 1 _aSancho Rebullida, Francisco de Asís.
_9103051
852 _aES-MaACL
_jL-78
_bR.100615
999 _c40396
_d40396